[Event "Tournoi élite du Barreau de Paris"]
[Site "Paris, France"]
[Date "2021.09.12"]
[Round "6.2"]
[White "Razafindratsima, Timothe"]
[Black "Travadon, Loic"]
[Result "1-0"]
[TimeControl "90'+30\""]
[WhiteTitle "FM"]
[BlackTitle "IM"]
[WhiteElo "2387"]
[BlackElo "2429"]

1. e4 {[%clk 01:30:57]} {[%emt 00:00:02]} e5 {[%clk 01:30:47]} {[%emt
00:00:14]} 2. Nf3 {[%clk 01:31:17]} {[%emt 00:00:10]} d6 {[%clk 01:31:11]}
{[%emt 00:00:06]} 3. d4 {[%clk 01:31:37]} {[%emt 00:00:10]} exd4 {[%clk
01:31:37]} {[%emt 00:00:04]} 4. Nxd4 {[%clk 01:32:02]} {[%emt 00:00:05]} Nf6
{[%clk 01:32:03]} {[%emt 00:00:03]} 5. Nc3 {[%clk 01:32:22]} {[%emt 00:00:09]}
Be7 {[%clk 01:32:28]} {[%emt 00:00:06]} 6. g3 {[%clk 01:32:37]} {[%emt
00:00:16]} d5 {[%clk 01:32:39]} {[%emt 00:00:18]} 7. e5 {[%clk 01:32:59]}
{[%emt 00:00:08]} Ng4 {[%clk 01:32:59]} {[%emt 00:00:09]} 8. Bg2 {[%clk
01:33:21]} {[%emt 00:00:09]} O-O {[%clk 01:33:08]} {[%emt 00:00:20]} 9. O-O
{[%clk 01:33:31]} {[%emt 00:00:20]} c5 {[%clk 01:32:55]} {[%emt 00:00:43]} 10.
Ndb5 {[%clk 01:33:22]} {[%emt 00:00:40]} d4 {[%clk 01:33:04]} {[%emt 00:00:21]}
11. Nd5 {[%clk 01:33:46]} {[%emt 00:00:06]} Nc6 {[%clk 01:33:15]} {[%emt
00:00:18]} 12. f4 {[%clk 01:34:07]} {[%emt 00:00:09]} Nh6 {[%clk 01:33:06]}
{[%emt 00:00:39]} 13. Re1 {[%clk 01:29:15]} {[%emt 00:05:22]} a6 {[%clk
01:31:27]} {[%emt 00:02:10]} 14. Nxe7+ {[%clk 01:28:28]} {[%emt 00:01:17]} Nxe7
{[%clk 01:31:48]} {[%emt 00:00:08]} 15. Nd6 {[%clk 01:28:30]} {[%emt 00:00:28]}
Qc7 {[%clk 01:31:15]} {[%emt 00:01:02]} 16. Qd3 {[%clk 01:22:54]} {[%emt
00:06:06]} Nhf5 {[%clk 01:21:32]} {[%emt 00:10:13]} 17. Nxc8 {[%clk 01:18:19]}
{[%emt 00:05:05]} Raxc8 {[%clk 01:21:59]} {[%emt 00:00:03]} 18. g4 {[%clk
01:13:15]} {[%emt 00:05:35]} Nh4 {[%clk 01:21:19]} {[%emt 00:01:09]} 19. Be4
{[%clk 01:13:19]} {[%emt 00:00:27]} Nhg6 {[%clk 01:21:41]} {[%emt 00:00:07]} 20.
h4 {[%clk 00:51:11]} {[%emt 00:22:40]} c4 {[%clk 01:09:34]} {[%emt 00:12:37]}
21. Qh3 {[%clk 00:48:18]} {[%emt 00:03:23]} f6 {[%clk 01:06:26]} {[%emt
00:03:37]} 22. h5 {[%clk 00:39:53]} {[%emt 00:08:57]} Nh8 {[%clk 01:06:50]}
{[%emt 00:00:05]} 23. exf6 {[%clk 00:36:37]} {[%emt 00:03:47]} gxf6 {[%clk
01:06:53]} {[%emt 00:00:26]} 24. Bd2 {[%clk 00:35:21]} {[%emt 00:01:46]} Nf7
{[%clk 01:06:44]} {[%emt 00:00:39]} 25. g5 {[%clk 00:31:50]} {[%emt 00:04:02]}
f5 {[%clk 01:04:58]} {[%emt 00:02:14]} 26. Bf3 {[%clk 00:29:01]} {[%emt
00:03:20]} Nd6 {[%clk 01:04:22]} {[%emt 00:01:05]} 27. c3 {[%clk 00:24:15]}
{[%emt 00:05:18]} d3 {[%clk 01:01:43]} {[%emt 00:03:09]} 28. g6 {[%clk
00:21:19]} {[%emt 00:03:26]} hxg6 {[%clk 00:56:51]} {[%emt 00:05:22]} 29. hxg6
{[%clk 00:15:40]} {[%emt 00:06:09]} Nxg6 {[%clk 00:57:18]} {[%emt 00:00:02]} 30.
Re6 {[%clk 00:11:34]} {[%emt 00:04:36]} Qg7 {[%clk 00:56:59]} {[%emt 00:00:49]}
31. Bd5 {[%clk 00:10:03]} {[%emt 00:02:01]} Nf7 {[%clk 00:55:56]} {[%emt
00:01:34]} 32. Kh1 {[%clk 00:08:38]} {[%emt 00:01:55]} Qh7 {[%clk 00:48:11]}
{[%emt 00:08:14]} 33. Rxg6+ {[%clk 00:08:30]} {[%emt 00:00:39]} Qxg6 {[%clk
00:48:40]} {[%emt 00:00:01]} 34. Rg1 {[%clk 00:08:52]} {[%emt 00:00:07]} Kg7
{[%clk 00:49:04]} {[%emt 00:00:06]} 35. Rxg6+ {[%clk 00:09:03]} {[%emt
00:00:19]} Kxg6 {[%clk 00:49:34]} 36. Qg3+ {[%clk 00:07:23]} {[%emt 00:02:10]}
Kh7 {[%clk 00:48:38]} {[%emt 00:01:26]} 37. Qh4+ {[%clk 00:06:12]} {[%emt
00:01:41]} Kg6 {[%clk 00:48:49]} {[%emt 00:00:19]} 38. Qe7 {[%clk 00:06:16]}
{[%emt 00:00:26]} Nh6 {[%clk 00:49:13]} {[%emt 00:00:06]} 39. Bxc4 {[%clk
00:04:24]} {[%emt 00:02:22]} Ng4 {[%clk 00:49:19]} {[%emt 00:00:23]} 40. Be6
{[%clk 00:04:10]} {[%emt 00:00:45]} Rc6 {[%clk 00:48:33]} {[%emt 00:01:16]} 41.
Qxf8 {[%clk 00:02:42]} {[%emt 00:01:58]} Rxe6 {[%clk 00:48:02]} {[%emt
00:01:01]} 42. Qg8+ {[%clk 00:03:04]} {[%emt 00:00:07]} Kf6 {[%clk 00:48:28]}
{[%emt 00:00:04]} 43. Qg5+ {[%clk 00:03:24]} {[%emt 00:00:11]} Kf7 {[%clk
00:48:57]} {[%emt 00:00:01]} 44. Qxf5+ {[%clk 00:03:36]} {[%emt 00:00:18]} Nf6
{[%clk 00:48:01]} {[%emt 00:01:26]} 45. Qxd3 {[%clk 00:04:00]} {[%emt
00:00:05]} Ke7 {[%clk 00:48:26]} {[%emt 00:00:05]} 46. f5 {[%clk 00:03:51]}
{[%emt 00:00:40]} Rd6 {[%clk 00:48:40]} {[%emt 00:00:15]} 47. Qe2+ {[%clk
00:04:08]} {[%emt 00:00:13]} Kf7 {[%clk 00:48:40]} {[%emt 00:00:29]} 48. Bg5
{[%clk 00:04:19]} {[%emt 00:00:19]} Nd5 {[%clk 00:48:48]} {[%emt 00:00:22]} 49.
c4 {[%clk 00:04:19]} {[%emt 00:00:31]} 1-0

[Event "Tournoi élite du Barreau de Paris"]
[Site "Paris, France"]
[Date "2021.09.12"]
[Round "6.3"]
[White "Rakotomaharo, Fy Antenaina"]
[Black "Vlachos, Anatole"]
[Result "1/2-1/2"]
[TimeControl "90'+30\""]
[WhiteTitle "IM"]
[BlackTitle "IM"]
[WhiteElo "2475"]
[BlackElo "2421"]

1. e4 {[%clk 01:30:57]} {[%emt 00:00:02]} e5 {[%clk 01:30:50]} {[%emt
00:00:11]} 2. Nf3 {[%clk 01:31:22]} {[%emt 00:00:05]} Nc6 {[%clk 01:31:18]}
{[%emt 00:00:03]} 3. Bb5 {[%clk 01:31:33]} {[%emt 00:00:18]} a6 {[%clk
01:31:42]} {[%emt 00:00:07]} 4. Ba4 {[%clk 01:31:59]} {[%emt 00:00:03]} Nf6
{[%clk 01:32:06]} {[%emt 00:00:06]} 5. O-O {[%clk 01:32:04]} {[%emt 00:00:25]}
Nxe4 {[%clk 01:29:15]} {[%emt 00:03:21]} 6. d4 {[%clk 01:32:27]} {[%emt
00:00:06]} Be7 {[%clk 01:29:42]} {[%emt 00:00:03]} 7. Re1 {[%clk 01:31:29]}
{[%emt 00:01:28]} b5 {[%clk 01:30:06]} {[%emt 00:00:06]} 8. Rxe4 {[%clk
01:31:54]} {[%emt 00:00:05]} d5 {[%clk 01:30:31]} {[%emt 00:00:05]} 9. Nxe5
{[%clk 01:32:19]} {[%emt 00:00:05]} Nxe5 {[%clk 01:30:57]} {[%emt 00:00:04]} 10.
Rxe5 {[%clk 01:32:34]} {[%emt 00:00:15]} bxa4 {[%clk 01:31:25]} {[%emt
00:00:02]} 11. Qh5 {[%clk 01:24:46]} {[%emt 00:08:17]} O-O {[%clk 01:29:47]}
{[%emt 00:02:08]} 12. Nc3 {[%clk 01:24:17]} {[%emt 00:00:59]} Bd6 {[%clk
01:27:21]} {[%emt 00:02:56]} 13. Re1 {[%clk 01:20:57]} {[%emt 00:03:49]} a3
{[%clk 01:24:50]} {[%emt 00:03:02]} 14. Nxd5 {[%clk 01:15:35]} {[%emt
00:05:52]} Bb7 {[%clk 01:22:45]} {[%emt 00:02:35]} 15. Ne3 {[%clk 01:15:19]}
{[%emt 00:00:45]} Re8 {[%clk 01:21:03]} {[%emt 00:02:12]} 16. bxa3 {[%clk
01:09:55]} {[%emt 00:05:55]} Re6 {[%clk 01:20:52]} {[%emt 00:00:41]} 17. h3
{[%clk 01:08:32]} {[%emt 00:01:53]} Qf6 {[%clk 01:16:27]} {[%emt 00:04:55]} 18.
Rb1 {[%clk 01:04:41]} {[%emt 00:04:21]} Be4 {[%clk 01:09:44]} {[%emt 00:07:12]}
19. d5 {[%clk 01:01:44]} {[%emt 00:03:27]} Bg6 {[%clk 01:08:05]} {[%emt
00:02:09]} 20. Qd1 {[%clk 01:00:38]} {[%emt 00:01:35]} Re4 {[%clk 01:07:13]}
{[%emt 00:01:22]} 21. Bb2 {[%clk 00:50:40]} {[%emt 00:10:28]} Qf4 {[%clk
01:05:34]} {[%emt 00:02:09]} 22. Nf1 {[%clk 00:51:05]} {[%emt 00:00:06]} Rb8
{[%clk 00:51:59]} {[%emt 00:14:05]} 23. Bc3 {[%clk 00:44:21]} {[%emt 00:07:14]}
Rxb1 {[%clk 00:51:59]} {[%emt 00:00:30]} 24. Qxb1 {[%clk 00:44:31]} {[%emt
00:00:20]} h5 {[%clk 00:49:43]} {[%emt 00:02:45]} 25. Bb4 {[%clk 00:39:52]}
{[%emt 00:05:10]} Be5 {[%clk 00:48:44]} {[%emt 00:01:29]} 26. Bd2 {[%clk
00:32:48]} {[%emt 00:07:34]} Qh4 {[%clk 00:33:02]} {[%emt 00:16:11]} 27. c4
{[%clk 00:27:13]} {[%emt 00:06:06]} Rxe1 {[%clk 00:25:47]} {[%emt 00:07:45]} 28.
Qxe1 {[%clk 00:26:36]} {[%emt 00:01:06]} f6 {[%clk 00:25:03]} {[%emt 00:01:14]}
29. Ne3 {[%clk 00:21:11]} {[%emt 00:05:55]} Qd4 {[%clk 00:23:02]} {[%emt
00:02:32]} 30. Qc1 {[%clk 00:14:12]} {[%emt 00:07:29]} f5 {[%clk 00:22:03]}
{[%emt 00:01:29]} 31. c5 {[%clk 00:13:01]} {[%emt 00:01:41]} f4 {[%clk
00:14:06]} {[%emt 00:08:27]} 32. Nc4 {[%clk 00:13:26]} {[%emt 00:00:05]} f3
{[%clk 00:14:20]} {[%emt 00:00:16]} 33. Nxe5 {[%clk 00:11:24]} {[%emt
00:02:32]} Qxe5 {[%clk 00:14:45]} {[%emt 00:00:05]} 34. d6 {[%clk 00:10:05]}
{[%emt 00:01:48]} cxd6 {[%clk 00:14:24]} {[%emt 00:00:51]} 35. c6 {[%clk
00:09:37]} {[%emt 00:00:58]} Qc5 {[%clk 00:14:24]} {[%emt 00:00:30]} 36. Qxc5
{[%clk 00:06:43]} {[%emt 00:03:25]} 1/2-1/2

[Event "Tournoi élite du Barreau de Paris"]
[Site "Paris, France"]
[Date "2021.09.12"]
[Round "6.1"]
[White "Kuhn, Clement"]
[Black "Belkhodja, Slim"]
[Result "0-1"]
[TimeControl "90'+30\""]
[WhiteTitle "FM"]
[BlackTitle "GM"]
[WhiteElo "2302"]
[BlackElo "2358"]

1. d4 {[%clk 01:30:50]} {[%emt 00:00:09]} g6 {[%clk 01:20:07]} {[%emt
00:10:54]} 2. Nf3 {[%clk 01:31:07]} {[%emt 00:00:13]} Bg7 {[%clk 01:20:21]}
{[%emt 00:00:16]} 3. g3 {[%clk 01:31:23]} {[%emt 00:00:14]} d5 {[%clk
01:18:59]} {[%emt 00:01:51]} 4. Bg2 {[%clk 01:29:59]} {[%emt 00:01:55]} c6
{[%clk 01:16:50]} {[%emt 00:02:39]} 5. O-O {[%clk 01:29:34]} {[%emt 00:00:55]}
Bg4 {[%clk 01:16:16]} {[%emt 00:01:05]} 6. h3 {[%clk 01:27:59]} {[%emt
00:02:05]} Bxf3 {[%clk 01:16:09]} {[%emt 00:00:36]} 7. Bxf3 {[%clk 01:28:27]}
{[%emt 00:00:03]} Nf6 {[%clk 01:11:09]} {[%emt 00:05:29]} 8. c4 {[%clk
01:26:24]} {[%emt 00:02:34]} O-O {[%clk 01:08:24]} {[%emt 00:03:15]} 9. cxd5
{[%clk 01:17:47]} {[%emt 00:09:07]} cxd5 {[%clk 01:08:24]} {[%emt 00:00:29]} 10.
Nc3 {[%clk 01:09:10]} {[%emt 00:09:08]} Qd7 {[%clk 01:06:39]} {[%emt 00:02:15]}
11. Kh2 {[%clk 01:08:33]} {[%emt 00:01:06]} Nc6 {[%clk 01:06:52]} {[%emt
00:00:17]} 12. b3 {[%clk 01:02:21]} {[%emt 00:06:43]} Rfd8 {[%clk 01:04:26]}
{[%emt 00:02:55]} 13. Bb2 {[%clk 01:01:37]} {[%emt 00:01:15]} e5 {[%clk
01:04:06]} {[%emt 00:00:49]} 14. dxe5 {[%clk 00:57:28]} {[%emt 00:04:39]} Nxe5
{[%clk 01:04:20]} {[%emt 00:00:16]} 15. Bg2 {[%clk 00:57:40]} {[%emt 00:00:19]}
h5 {[%clk 00:55:16]} {[%emt 00:09:34]} 16. e3 {[%clk 00:47:06]} {[%emt
00:11:04]} h4 {[%clk 00:53:04]} {[%emt 00:02:41]} 17. g4 {[%clk 00:45:16]}
{[%emt 00:02:20]} Rac8 {[%clk 00:44:20]} {[%emt 00:09:15]} 18. Rc1 {[%clk
00:44:58]} {[%emt 00:00:48]} Qe6 {[%clk 00:42:32]} {[%emt 00:02:17]} 19. Kh1
{[%clk 00:41:54]} {[%emt 00:03:35]} Ne4 {[%clk 00:38:48]} {[%emt 00:04:15]} 20.
Ne2 {[%clk 00:37:46]} {[%emt 00:04:37]} Nxg4 {[%clk 00:37:16]} {[%emt
00:02:02]} 21. hxg4 {[%clk 00:33:50]} {[%emt 00:04:26]} Bxb2 {[%clk 00:36:08]}
{[%emt 00:01:38]} 22. Rxc8 {[%clk 00:32:31]} {[%emt 00:01:50]} Qxc8 {[%clk
00:33:45]} {[%emt 00:02:52]} 23. Nf4 {[%clk 00:32:17]} {[%emt 00:00:45]} Bg7
{[%clk 00:25:33]} {[%emt 00:08:41]} 24. Nxd5 {[%clk 00:30:17]} {[%emt
00:02:30]} Qe6 {[%clk 00:25:38]} {[%emt 00:00:24]} 25. Qc2 {[%clk 00:28:41]}
{[%emt 00:02:07]} Ng5 {[%clk 00:24:18]} {[%emt 00:01:49]} 26. Nf4 {[%clk
00:25:59]} {[%emt 00:03:13]} Qxg4 {[%clk 00:23:07]} {[%emt 00:01:40]} 27. Rg1
{[%clk 00:19:22]} {[%emt 00:07:08]} Qd7 {[%clk 00:13:29]} {[%emt 00:10:08]} 28.
Qc4 {[%clk 00:14:30]} {[%emt 00:05:22]} b5 {[%clk 00:09:43]} {[%emt 00:04:17]}
29. Qc6 {[%clk 00:09:40]} {[%emt 00:05:19]} Qf5 {[%clk 00:08:04]} {[%emt
00:02:09]} 30. Bd5 {[%clk 00:09:21]} {[%emt 00:00:50]} Kh7 {[%clk 00:07:49]}
{[%emt 00:00:44]} 31. a4 {[%clk 00:03:08]} {[%emt 00:06:44]} Be5 {[%clk
00:07:36]} {[%emt 00:00:42]} 32. Bxf7 {[%clk 00:02:24]} {[%emt 00:01:15]} Nxf7
{[%clk 00:07:14]} {[%emt 00:00:53]} 33. Qxg6+ {[%clk 00:02:49]} {[%emt
00:00:05]} Qxg6 {[%clk 00:07:32]} {[%emt 00:00:12]} 34. Nxg6 {[%clk 00:02:18]}
{[%emt 00:01:01]} bxa4 {[%clk 00:07:25]} {[%emt 00:00:37]} 35. bxa4 {[%clk
00:02:39]} {[%emt 00:00:10]} Bf6 {[%clk 00:06:46]} {[%emt 00:01:08]} 36. Nf4
{[%clk 00:03:07]} {[%emt 00:00:02]} Rd2 {[%clk 00:06:13]} {[%emt 00:01:02]} 37.
Rg6 {[%clk 00:02:57]} {[%emt 00:00:40]} Bg5 {[%clk 00:05:39]} {[%emt 00:01:03]}
38. Ra6 {[%clk 00:01:59]} {[%emt 00:01:29]} Bxf4 {[%clk 00:06:02]} {[%emt
00:00:07]} 39. Rxa7 {[%clk 00:01:52]} {[%emt 00:00:38]} Kg6 {[%clk 00:06:24]}
{[%emt 00:00:08]} 40. exf4 {[%clk 00:02:15]} {[%emt 00:00:08]} Nd6 {[%clk
00:06:42]} {[%emt 00:00:11]} 41. Rd7 {[%clk 00:01:56]} {[%emt 00:00:49]} Kf5
{[%clk 00:06:02]} {[%emt 00:01:11]} 42. a5 {[%clk 00:01:25]} {[%emt 00:01:01]}
Ke6 {[%clk 00:05:10]} {[%emt 00:01:21]} 43. Rd8 {[%clk 00:01:54]} {[%emt
00:00:02]} Ra2 {[%clk 00:04:51]} {[%emt 00:00:48]} 44. Rh8 {[%clk 00:02:01]}
{[%emt 00:00:22]} Nf5 {[%clk 00:04:56]} {[%emt 00:00:24]} 45. Re8+ {[%clk
00:01:18]} {[%emt 00:01:15]} Kf7 {[%clk 00:05:11]} {[%emt 00:00:15]} 46. Re5
{[%clk 00:01:40]} {[%emt 00:00:09]} Kf6 {[%clk 00:04:34]} {[%emt 00:01:06]} 47.
Kg2 {[%clk 00:01:49]} {[%emt 00:00:20]} Ne7 {[%clk 00:04:07]} {[%emt 00:00:57]}
48. Rb5 {[%clk 00:01:11]} {[%emt 00:01:09]} Ng6 {[%clk 00:04:08]} {[%emt
00:00:29]} 49. f5 {[%clk 00:00:37]} {[%emt 00:01:05]} Ne7 {[%clk 00:04:08]}
{[%emt 00:00:28]} 50. Kh3 {[%clk 00:00:35]} {[%emt 00:00:28]} Ra4 {[%clk
00:03:34]} {[%emt 00:01:09]} 51. f4 {[%clk 00:00:31]} {[%emt 00:00:34]} Rxf4
{[%clk 00:03:29]} {[%emt 00:00:34]} 52. a6 {[%clk 00:00:45]} {[%emt 00:00:17]}
Ra4 {[%clk 00:03:47]} {[%emt 00:00:11]} 53. Rb7 {[%clk 00:00:33]} {[%emt
00:00:43]} Nxf5 {[%clk 00:03:22]} {[%emt 00:00:55]} 54. Ra7 {[%clk 00:00:34]}
{[%emt 00:00:28]} Kg5 {[%clk 00:03:37]} {[%emt 00:00:15]} 55. Ra8 {[%clk
00:00:54]} {[%emt 00:00:10]} Ra3+ {[%clk 00:03:48]} {[%emt 00:00:19]} 56. Kg2
{[%clk 00:01:22]} {[%emt 00:00:01]} Kg4 {[%clk 00:03:39]} {[%emt 00:00:40]} 57.
a7 {[%clk 00:01:37]} {[%emt 00:00:15]} Ra2+ {[%clk 00:03:37]} {[%emt 00:00:32]}
58. Kg1 {[%clk 00:01:25]} {[%emt 00:00:39]} Ng7 {[%clk 00:03:54]} {[%emt
00:00:15]} 59. Kf1 {[%clk 00:00:58]} {[%emt 00:00:59]} Kg3 {[%clk 00:03:56]}
{[%emt 00:00:26]} 60. Rb8 {[%clk 00:01:08]} {[%emt 00:00:20]} Ra1+ {[%clk
00:04:08]} {[%emt 00:00:19]} 61. Ke2 {[%clk 00:01:34]} {[%emt 00:00:05]} Rxa7
{[%clk 00:04:31]} {[%emt 00:00:06]} 62. Rb3+ {[%clk 00:01:49]} {[%emt
00:00:14]} Kg2 {[%clk 00:04:16]} {[%emt 00:00:45]} 63. Rb6 {[%clk 00:02:18]}
{[%emt 00:00:02]} Re7+ {[%clk 00:04:22]} {[%emt 00:00:23]} 64. Kd2 {[%clk
00:02:43]} {[%emt 00:00:05]} Nf5 {[%clk 00:04:38]} {[%emt 00:00:14]} 65. Rg6
{[%clk 00:03:09]} {[%emt 00:00:04]} Ng3 {[%clk 00:05:00]} {[%emt 00:00:08]} 0-1




[ePGN "0.1;DGT LiveChess/2.2.5"]